Statistics for All measurements of the metric system

Click here to take the quiz!

General Stats

  • This quiz has been taken 58 times
  • The average score is 12 of 17

Answer Stats

HintAnswer% Correct
LengthMeter
98%
LengthKilometer
96%
LengthMillimeter
94%
LengthCentimeter
92%
Mass/WeightKilogram
92%
Mass/WeightGram
89%
Mass/WeightMilligram
81%
CapacityLiter
75%
CapacityMilliliter
72%
Mass/WeightCentigram
66%
CapacityCentiliter
55%
CapacityKiloliter
51%
AreaSquare meter
51%
AreaSquare kilometer
49%
AreaSquare centimeter
45%
Mass/WeightTonne
43%
AreaHectare
38%

Score Distribution

Percentile by Number Answered

Percent of People with Each Score

Your Score History

You have not taken this quiz